Русские повести XIX века 40-х - 50-х годов. Т. 2: [В.А. Соллогуб, А.В. Дружинин, Говорилин (А.Я. Кульчицкий), Н. Станицкий (А.Я. Панаева), А.Ф. Писемский, И.Т. Кокорев, А.Н. Плещеев, М.И. Михайлов] (Запись № 8056313)

Подробности
000 -МАРКЕР
контрольное поле 01640nam2a22002651 4500
001 - ИДЕНТИФИКАТОР ЗАПИСИ
контрольное поле rc\4146804
005 - ИДЕНТИФИКАТОР ВЕРСИИ
контрольное поле 20250610124011.0
021 ## - НОМЕР ГОСУДАРСТВЕННОЙ РЕГИСТРАЦИИ
Код страны Российская Федерация
Номер [52-32800]
035 ## - ДРУГИЕ СИСТЕМНЫЕ НОМЕРА
Идентификатор записи (NLR Aleph) 007904121
100 ## - ДАННЫЕ ОБЩЕЙ ОБРАБОТКИ
Данные общей обработки 20130415d1952 |||y0rusy50 ca
101 0# - ЯЗЫК РЕСУРСА
Язык текста, звукозаписи и т.д. русский
102 ## - СТРАНА ПУБЛИКАЦИИ ИЛИ ПРОИЗВОДСТВА
Страна публикации Российская Федерация
105 ## - ПОЛЕ КОДИРОВАННЫХ ДАННЫХ: ТЕКСТОВЫЕ МАТЕРИАЛЫ, МОНОГРАФИЧЕСКИЕ
Кодированные данные о монографическом текстовом документе y z |||||
200 1# - ЗАГЛАВИЕ И СВЕДЕНИЯ ОБ ОТВЕТСТВЕННОСТИ
Основное заглавие [В.А. Соллогуб, А.В. Дружинин, Говорилин (А.Я. Кульчицкий), Н. Станицкий (А.Я. Панаева), А.Ф. Писемский, И.Т. Кокорев, А.Н. Плещеев, М.И. Михайлов]
210 ## - ПУБЛИКАЦИЯ, РАСПРОСТРАНЕНИЕ И ДР.
Дата издания, распространения и т.д. 1952
Место издания, распространения и т.д. Б. м.
215 ## - ФИЗИЧЕСКАЯ ХАРАКТЕРИСТИКА
Специфическое обозначение материала и объем 783 с.
461 #0 - УРОВЕНЬ НАБОРА
Встроенное поле 001rc\4146802
-- 2001#$aРусские повести XIX века 40-х - 50-х годов$f[Подготовка текста, вступ. статья, с. V-XLVIII, и примеч. Б.С. Мейлаха]. Т. 1-$vТ. 2
Системный номер (АБИС) связанной записи 8056304
Место публикации Москва
Дата публикации 1952
Первые сведения об ответственности [Подготовка текста, вступ. статья, с. V-XLVIII, и примеч. Б.С. Мейлаха]. Т. 1-
Имя издателя, распространителя и т.д. Гослитиздат
Заглавие Русские повести XIX века 40-х - 50-х годов
Номер тома Т. 2
464 #0 - АНАЛИТИЧЕСКИЙ УРОВЕНЬ
Встроенное поле 701#1$aСоллогуб$bВ. А.$gВладимир Александрович$f1813-1882$3RU\NLR\AUTH\7754370
-- 701#1$aДружинин$bА.В.
-- 701#1$aГоворилин$6z01790
-- 701#1$aСтаницкий$bН.$6z02790
-- 701#1$aПисемский$bА.Ф.
-- 701#1$aКокорев$bИ.Т.
-- 701#1$aПлещеев$bА.Н.
-- 701#1$aМихайлов$bМ.И.
801 #0 - ИСТОЧНИК ЗАПИСИ
Страна Российская Федерация
Организация NLR
Правила каталогизации psbo
801 #1 - ИСТОЧНИК ЗАПИСИ
Страна Российская Федерация
Организация ELAR
Источник данных rusmarc
852 ## - МЕСТОНАХОЖДЕНИЕ И ШИФР ХРАНЕНИЯ
Идентификатор организации NLR
Шифр хранения (Call Number) Л30 Г-5/675
942 ## - ДОПОЛНИТЕЛЬНЫЕ ЭЛЕМЕНТЫ ЗАПИСИ (АБИС)
Тип экземпляра АБИС Книга
980 ## - КОЛЛЕКЦИЯ
Название коллекции Национальная библиография
Экземпляры
Тип экземпляра Дата поступления Библиотека постоянного хранения Библиотека текущего хранения Место хранения Шифр хранения Штрих-код Статус экземпляра Источник поступления
Книга 26.10.2013 РНБ (Садовая) РНБ (Садовая) Русский книжный фонд -Главное здание, Ленинский читальный зал Л30 Г-5/675(2)а 1-3725247    
Книга 14.03.2014 РНБ (Садовая) РНБ (Садовая) Фонд научного зала литературы и искусства Нз Ш6(2=Р)/Р-893 1-334411   Подсобные фонды РНБ
Книга 28.05.2015 РНБ (Фонтанка) РНБ (Фонтанка) Юношеский читальный зал Ю Рус./Р-89 1-459374   Источник неизвестен